Código penal.

Guardat en:
Dades bibliogràfiques
Autor corporatiu: Chile
Altres autors: Arévalo Cunich, Javier (concordancias, índice de materias y citas de jurisprudencia)
Format: Llibre
Idioma:espanyol
Publicat: Santiago, Chile: Legal Publishing, 2008
Edició:Octava Edición.
Matèries:
Etiquetes: Afegir etiqueta
Sense etiquetes, Sigues el primer a etiquetar aquest registre!

MARC

LEADER 00000nam a2200000 a 4500
001 UCI9526
003 CL-VaPUC
005 20240911153521.0
008 081120e20080000CL |||||||||||||||||spa|d
999 |c 332050  |d 332048 
020 |a 9562384462 
040 |c Pontificia Universidad Católica de Valparaíso 
082 0 4 |a 345.83 CHI 2008  |2 21 
110 1 |a Chile  |9 890760 
245 1 0 |a Código penal. 
250 |a Octava Edición.  |b Actualizada al 26 de septiembre de 2008. 
260 |a Santiago, Chile:  |b Legal Publishing,  |c 2008 
300 |a 509 páginas 
505 |a Mensaje del gobierno acompañando el presente Código Penal al Congreso. -Libro I -Libro II. Crímenes y Simples Delitos y sus Penas. -Libro III. Apéndice: -Ley N.º 18.050. Fija normas generales para conceder indultos particulares. (D.O. de 26 de noviembre de 1926). -Ley N.º 18.216. Establece medidas que indica como alternativas a las penas privativas o restrictivas de libertad y deroga disposiciones que señala. (D.O. de 14 de mayo de 1983). -Ley N.º 18.314. Determina conductas terroristas y fija su penalidad. (D.O. de 17 de mayo de 1984). -Ley N.º 20.000. Sustituye la Ley N.º 19.366, que sanciona el tráfico ilícito de estupefacientes y sustancias sicotrópicas (D.O. de 16 de febrero de 2005). -Ley N.º 19.327. Fija normas para prevención y sanción de hechos de violencia en recintos deportivos con ocasión de espectáculos de fútbol profesional. (D.O. de 31 de agosto de 1994) -Ley N.º 19.223. Tipifica figuras penales relativas a la informática. (D.O. de 7 de junio de 1993) -Ley N.º 19.925. Sobre expendio y consumo de bebidas alcohólicas. (D.O. de 19 de enero de 2004). -Ley General sobre Ferrocarriles. Texto definitivo fijado por Decreto N.º 1.157, del Ministerio de Fomento, de 13 de julio de 1931 (D.O. de 16 de septiembre de 1931) -Ley N.º 20.084. Establece un sistema de responsabilidad de los adolescentes por infracciones a la ley penal. (D.O. de 7 de diciembre de 2005). 
583 |a last modification  |c 20081120 00:00:00  |k Rodrigo Vera 
650 1 |a Código penal chileno  |9 484032 
650 1 |a Derecho penal chileno  |9 891308 
650 1 |a Delitos   |z Chile  |9 891309 
650 1 |a Penas  |z Chile  |9 890554 
650 1 |a Crímenes  |z Chile  |9 890555 
650 1 |a Jurisprudencia penal  |9 256149 
700 |a Arévalo Cunich, Javier  |e concordancias, índice de materias y citas de jurisprudencia  |9 891313 
942 |c BK  |2 ddc 
945 |d 20081120 00:00:00  |a jtorresc 
952 |0 0  |1 0  |4 0  |6 345_830000000000000_CHI_2008  |7 0  |8 R  |9 419410  |a BIBDER  |b BIBDER  |d 2019-11-22  |i 4498895  |o 345.83 CHI 2008  |p 4498895  |r 2023-01-25  |w 2019-11-22  |y BK_R  |k DER